Измерение температуры с помощью облученных материалов

Detaylı Bibliyografya
Yazar: Николаенко В. А. Вадим Алексеевич
Diğer Yazarlar: Карпухин В. И. Владимир Иванович
Dil:Rusça
Baskı/Yayın Bilgisi: Москва, Энергоатомиздат, 1986
Konular:
Materyal Türü: MixedMaterials Kitap
KOHA link:https://koha.lib.tpu.ru/cgi-bin/koha/opac-detail.pl?biblionumber=113673

MARC

LEADER 00000nam0a2200000 4500
001 113673
005 20231031122000.0
020 |a RU  |b 86-32386 
035 |a (RuTPU)RU\TPU\book\122935 
090 |a 113673 
100 |a 20070413d1986 m a0rusy5003 ca 
101 0 |a rus 
102 |a RU 
105 |a a z 001zy 
200 1 |a Измерение температуры с помощью облученных материалов  |f В. А. Николаенко, В. И. Карпухин 
210 |a Москва  |c Энергоатомиздат  |d 1986 
215 |a 120 с.  |c ил. 
320 |a Библиогр.: с. 118-121. 
610 1 |a измерение 
610 1 |a температура 
610 1 |a облученные материалы 
675 |a 536.51  |v 3 
700 1 |a Николаенко  |b В. А.  |g Вадим Алексеевич 
701 1 |a Карпухин  |b В. И.  |g Владимир Иванович 
801 0 |a RU  |b RuMRKP  |c 19950704  |g psbo 
801 1 |a RU  |b 63413507  |c 20070413  |g PSBO 
801 2 |a RU  |b 63413507  |c 20150122  |g PSBO 
942 |c BK